| 000 | 01216nam a2200325 i 4500 | ||
|---|---|---|---|
| 001 | bg | ||
| 245 | 0 | 0 |
_aObieg wody w środowisku naturalnym i przekształconym / _cpod red. Zdzisława Michalczyka. |
| 260 |
_aLublin : _bWydawnictwo Uniwersytetu Marii Curie-Skłodowskiej, _c2007. |
||
| 300 |
_a672 s. : _bil. ; _c24 cm. |
||
| 490 | 1 |
_aBadania Hydrograficzne w Poznawaniu Środowiska _vt. 8 |
|
| 500 | _aMateriały spotkania nauk., które odbyło się w dniach 4-6 czerwca 2007 r. w Lublinie. | ||
| 504 | _aBibliogr. przy ref. | ||
| 546 | _aTekst częśc. ros. Streszcz. ang., pol. przy ref. | ||
| 650 | 9 |
_aBilans wodny _zPolska |
|
| 650 | 9 |
_aWoda _xgospodarka _zPolska |
|
| 650 | 9 |
_aWoda _xochrona _zPolska |
|
| 655 | _aMateriały konferencyjne | ||
| 700 | 1 |
_aMichalczyk, Zdzisław _d(1946- ). _eRed. |
|
| 830 | _aBadania Hydrograficzne w Poznawaniu Środowiska | ||
| 015 | _aPB 4596/2008 | ||
| 020 | _a9788322726778 | ||
| 040 | _cBPK | ||
| 041 | 0 |
_apol _arus _beng _bpol |
|
| 044 | _aPOL | ||
| 080 | _a556.18(438)(06) | ||
| 920 | _a978-83-227-2677-8 | ||
| 942 | _cKS | ||
| 008 | 070716s2007 pl a |100 0 pol | ||
| 999 |
_c54693 _d54693 |
||
| 856 |
_uhttp://koha.tu.koszalin.pl/cgi-bin/koha/opac-detail.pl?biblionumber=54693 _yKatalog online BPK |
||